000 00471nam a2200169Ia 4500
999 _c36886
_d36886
003 OSt
005 20211102134723.0
008 190216s9999||||xx |||||||||||||| ||und||
040 _coclc
082 _a380
_bKOL/U
100 _aKoli, L N
_98432
245 0 _aUGC NET / JRF / SLET Commerce Paper III /
_cL N Koli
260 _bUpkar Prakashan,
_c2008.
_aAgra:
300 _a944p
650 _aReferences
942 _cBK
_2ddc
_h380
_iKOL/U
_k380
_mKOL/U